| 000 | 00685cab a2200241 4500 | ||
|---|---|---|---|
| 001 | W4206 | ||
| 008 | 090401t1993 xxu||||| |||| 00| 0 eng d | ||
| 035 | _a(Sirsi) u65950 | ||
| 041 | _aeng | ||
| 245 | _aClinton economic plan | ||
| 260 | _c1993 | ||
| 350 | _a0 | ||
| 490 |
_aFinancial Times _v19 February 1993, 4-5(2) |
||
| 520 | _aEnergy tax, tax increases, health care reforms are amongst the items covered in President Clinton`s economic plan. | ||
| 650 | _aECONOMIC REFORM | ||
| 650 | _aENERGY TAX | ||
| 650 | _aINCOME TAX | ||
| 650 | _aPRESIDENT CLINTON | ||
| 650 | _aUNITED STATES OF AMERICA | ||
| 690 | _aECONOMIC AND SOCIAL | ||
| 942 | _n0 | ||
| 948 | _c04/03/1997 | ||
| 999 |
_c41199 _d41199 |
||